header

Communicable disease control and health protection handbook (Record no. 71506)

MARC details
000 -LEADER
fixed length control field 01607nam a2200361 a 4500
082 04 - DEWEY DECIMAL CLASSIFICATION NUMBER
Classification number 616.9
245 00 - TITLE STATEMENT
Title Communicable disease control and health protection handbook
250 ## - EDITION STATEMENT
Edition statement 3rd ed.
260 ## - PUBLICATION, DISTRIBUTION, ETC. (IMPRINT)
Place of publication Chichester, West Sussex, U.K. :
Name of publisher Wiley-Blackwell,
Year of publication 2012.
300 ## - PHYSICAL DESCRIPTION
Number of Pages xiii, 440 p. :
Other physical details ill.
500 ## - GENERAL NOTE
General note Rev. ed. of: Communicable disease control handbook. 2nd ed. c2005.
General note Includes index.
505 0# - FORMATTED CONTENTS NOTE
Formatted contents note section 1. Introduction -- section 2. Common topics -- section 3. Diseases -- section 4. Services and organisations -- section 5. Communicable disease control in Europe.
650 #0 - SUBJECT ADDED ENTRY--TOPICAL TERM
Topical Term Communicable diseases
Topical Term Communicable diseases
700 1# - ADDED ENTRY--PERSONAL NAME
Personal name Hawker, Jeremy.
856 40 - ELECTRONIC LOCATION AND ACCESS
Uniform Resource Identifier http://site.ebrary.com/lib/rucke/Doc?id=10630562

No items available.

© 2026 Rongo University
Contact us: librarian | system librarian | Rongo university